[Event "12sen.WM-H Naumburg"]
[Site "Naumburg/Saale(20.10.-03.11.)"]
[Date "2002.10.21"]
[Round "1"]
[White "Frauenfelder, Rudolf"]
[Black "Tschirky, Werner"]
[Result "1-0"]
[WhiteElo "2151"]
[BlackElo "1652"]
[PlyCount "47"]
[EventDate "2002.11.??"]

1. c4 c5 2. Nc3 Nc6 3. g3 Nf6 4. Bg2 e6 5. Nf3 Be7 6. O-O O-O 7. d4 cxd4 8.
Nxd4 Qb6 9. Nc2 a6 10. b3 Qd8 11. Bb2 Rb8 12. e4 b5 13. Ne3 Na5 14. cxb5 axb5
15. Qd2 Qb6 16. Rfe1 Rd8 17. Rad1 Bb7 18. h3 Bc6 19. e5 Bxg2 20. exf6 Bxh3 21.
fxe7 Re8 22. Kh2 Bf5 23. Nxf5 exf5 24. Nd5 1-0

[Event "12sen.WM-H Naumburg"]
[Site "Naumburg/Saale(20.10.-03.11.)"]
[Date "2002.10.21"]
[Round "1"]
[White "Gerhardt, Peter_Michael"]
[Black "Reichert, Rudolf"]
[Result "1-0"]
[WhiteElo "2124"]
[BlackElo "1581"]
[PlyCount "37"]
[EventDate "2002.11.??"]

1. d4 e6 2. g3 d5 3. Bg2 Bd6 4. Nf3 h6 5. O-O Bd7 6. Nbd2 Bc6 7. c4 Nf6 8. b3
b6 9. Bb2 Nbd7 10. Rc1 Bb7 11. a3 dxc4 12. Nxc4 Ne4 13. d5 Bxd5 14. Bxg7 Rh7
15. Bb2 Be7 16. Qc2 b5 17. Ne3 c5 18. Rfd1 Nb6 19. Ne5 1-0

[Event "12sen.WM-H Naumburg"]
[Site "Naumburg/Saale(20.10.-03.11.)"]
[Date "2002.10.21"]
[Round "1"]
[White "Girod, Gudrun"]
[Black "Waisberg, Arnold"]
[Result "0-1"]
[WhiteElo "1406"]
[BlackElo "2063"]
[PlyCount "64"]
[EventDate "2002.11.??"]

1. e4 e5 2. Nf3 Nc6 3. d4 exd4 4. Nxd4 Bc5 5. c3 Qf6 6. Be3 Nge7 7. Be2 d5 8.
exd5 Nxd5 9. O-O O-O 10. Bf3 Nxe3 11. fxe3 Qh6 12. Qc1 Re8 13. Bxc6 bxc6 14.
Re1 Bd7 15. b4 Bd6 16. Nf3 Re7 17. Na3 Be6 18. Nc2 Bd5 19. Ncd4 Be4 20. h3 Rae8
21. Kh1 Bxf3 22. Nxf3 Rxe3 23. Qa3 Rxe1+ 24. Nxe1 Qe3 25. Qc1 Qg3 26. Nf3 Re2
27. Qg5 Qxg5 28. Nxg5 f6 29. Nf3 Rc2 30. a4 Rxc3 31. b5 cxb5 32. axb5 Rb3 0-1

[Event "12sen.WM-H Naumburg"]
[Site "Naumburg/Saale(20.10.-03.11.)"]
[Date "2002.10.21"]
[Round "1"]
[White "Glaser, Heinz_Alfred"]
[Black "Hobusch, Werner"]
[Result "0-1"]
[WhiteElo "1680"]
[BlackElo "2160"]
[PlyCount "24"]
[EventDate "2002.11.??"]

1. e4 c5 2. Nf3 Nc6 3. d4 cxd4 4. Nxd4 g6 5. Be3 Bg7 6. Bc4 Nf6 7. Nd2 O-O 8.
c3 Ne5 9. Be2 d6 10. h3 d5 11. f4 Nc4 12. e5 Nxe3 0-1

[Event "12sen.WM-H Naumburg"]
[Site "Naumburg/Saale(20.10.-03.11.)"]
[Date "2002.10.21"]
[Round "1"]
[White "Glende, Siegfried"]
[Black "Rettler, Heinz"]
[Result "1-0"]
[WhiteElo "1708"]
[BlackElo "2167"]
[PlyCount "109"]
[EventDate "2002.11.??"]

1. e4 e6 2. d3 d5 3. Nd2 Nf6 4. g3 Be7 5. Bg2 c5 6. e5 Nfd7 7. f4 Nc6 8. Ngf3
O-O 9. O-O b5 10. Kh1 a5 11. a4 b4 12. b3 Ba6 13. Bb2 Rc8 14. Rc1 Nb6 15. Qe2
Qd7 16. Rfe1 Nd8 17. Ng1 c4 18. Bd4 Qc7 19. Qf1 Bc5 20. Ndf3 Bxd4 21. Nxd4 Qc5
22. Nge2 Qe7 23. Qf3 Nd7 24. Ng1 cxd3 25. cxd3 Rxc1 26. Rxc1 Nc5 27. f5 f6 28.
exf6 Rxf6 29. Bf1 Bb7 30. Bg2 e5 31. Qe3 Nf7 32. g4 h6 33. Ngf3 Na6 34. h4 Qd6
35. Nb5 Qb8 36. Re1 e4 37. dxe4 dxe4 38. Nfd4 Ne5 39. Qf4 Nf3 40. Qxb8+ Nxb8
41. Bxf3 exf3 42. Kg1 Na6 43. Re8+ Kh7 44. Ne6 Bd5 45. Nbd4 g6 46. Re7+ Kh8 47.
Ra7 gxf5 48. gxf5 Nb8 49. Rxa5 Be4 50. Re5 Bb1 51. Kf2 Nd7 52. Rd5 Rf7 53. Nf4
Be4 54. Ng6+ Kh7 55. Rxd7 1-0

[Event "12sen.WM-H Naumburg"]
[Site "Naumburg/Saale(20.10.-03.11.)"]
[Date "2002.10.21"]
[Round "1"]
[White "Gurgenidze, Bukhuti"]
[Black "Mietner, Franz"]
[Result "1-0"]
[WhiteElo "2198"]
[BlackElo "1742"]
[PlyCount "153"]
[EventDate "2002.11.??"]

1. e4 c6 2. d4 d5 3. e5 Bf5 4. c3 e6 5. Be3 Nd7 6. Nd2 c5 7. Ngf3 Rc8 8. Bb5 h6
9. dxc5 Bxc5 10. Bxc5 Rxc5 11. Nd4 Ne7 12. O-O O-O 13. Qe2 a6 14. Bxd7 Qxd7 15.
f4 Bh7 16. Rf3 Nf5 17. Nxf5 Bxf5 18. Nb3 Rc4 19. Qd2 Qe7 20. Nd4 Bg4 21. Rg3
Bf5 22. Rf1 Rd8 23. h3 Bg6 24. Kh2 Kh7 25. Re3 Be4 26. Qf2 g6 27. g4 Rg8 28.
Ne2 f5 29. exf6 Qxf6 30. Ng3 Rd8 31. Qe2 e5 32. Nxe4 Rxe4 33. Rxe4 dxe4 34.
Qxe4 Rd2+ 35. Kg3 exf4+ 36. Rxf4 Qd6 37. Qxb7+ Kh8 38. Qb4 Rd3+ 39. Kg2 Rd2+
40. Rf2 Qd5+ 41. Kg1 Rd1+ 42. Rf1 g5 43. Qf8+ Kh7 44. Rxd1 Qxd1+ 45. Qf1 Qd2
46. Qf5+ Kg7 47. Qe5+ Kg8 48. Qe8+ Kg7 49. Qe7+ Kg8 50. Qe6+ Kg7 51. Qxa6 Qe3+
52. Kg2 Qd2+ 53. Kf3 Qf4+ 54. Ke2 Qh2+ 55. Kd1 Qxb2 56. Qc4 Qb1+ 57. Kd2 Qh1
58. Qc7+ Kg8 59. Qb8+ Kg7 60. Qg3 Qd5+ 61. Qd3 Qxa2+ 62. Ke3 Qh2 63. Ke4 Qf4+
64. Kd5 Qf7+ 65. Kd6 Qf8+ 66. Kd7 Qf7+ 67. Kc8 Qa2 68. Qd7+ Kg6 69. Qc6+ Kg7
70. c4 Qf2 71. c5 Qf1 72. Qd7+ Kg8 73. c6 Qxh3 74. c7 Qa3 75. Qd5+ Kg7 76. Kd7
Qa4+ 77. Kd8 1-0

[Event "12sen.WM-H Naumburg"]
[Site "Naumburg/Saale(20.10.-03.11.)"]
[Date "2002.10.21"]
[Round "1"]
[White "Hansen, Hans"]
[Black "Littlewood, John_E"]
[Result "0-1"]
[WhiteElo "1871"]
[BlackElo "2292"]
[PlyCount "111"]
[EventDate "2002.11.??"]

1. e4 e5 2. Nf3 d6 3. d4 exd4 4. Nxd4 g6 5. Nc3 Bg7 6. Be3 Nf6 7. f3 O-O 8. Qd2
d5 9. e5 Nh5 10. Bg5 Qe8 11. O-O-O Qxe5 12. Ndb5 h6 13. Bxh6 Bxh6 14. Qxh6 c6
15. Nd4 Nd7 16. g4 Qf4+ 17. Qxf4 Nxf4 18. Nce2 Ne6 19. h4 Ne5 20. Bg2 c5 21.
Nb5 Nc4 22. b3 Ne3 23. Rdg1 Bd7 24. Nbc3 Bc6 25. Kd2 d4 26. Ne4 Bxe4 27. fxe4
Nxg4 28. Bf3 Ne5 29. Rh3 Rfd8 30. Nc1 c4 31. bxc4 Nf4 32. Rhg3 d3 33. Ke3 Nxf3
34. Rxf3 d2 35. Nd3 Ne6 36. Kxd2 Rac8 37. h5 g5 38. Ke3 Rxc4 39. Rg2 Rdd4 40.
e5 Re4+ 41. Kd2 Rxc2+ 42. Kxc2 Nd4+ 43. Kc3 Nxf3 44. Rb2 b6 45. Rb5 g4 46. Nf2
Re3+ 47. Kc4 g3 48. Nh3 Re4+ 49. Kd3 Rh4 50. Ke3 Nd4 51. Rb1 Nc2+ 52. Kd2 Na3
53. Rh1 Nc4+ 54. Ke2 Nxe5 55. Nf2 Ra4 56. Ne4 0-1

[Event "12sen.WM-H Naumburg"]
[Site "Naumburg/Saale(20.10.-03.11.)"]
[Date "2002.10.21"]
[Round "1"]
[White "Haupt, Joachim"]
[Black "Ofstad, Per"]
[Result "1/2-1/2"]
[WhiteElo "1745"]
[BlackElo "2199"]
[PlyCount "27"]
[EventDate "2002.11.??"]

1. c4 c5 2. Nc3 Nf6 3. Nf3 Nc6 4. g3 g6 5. Bg2 Bg7 6. O-O O-O 7. d4 cxd4 8.
Nxd4 d6 9. Nxc6 bxc6 10. Bxc6 Rb8 11. Bg2 Qa5 12. Qc2 Be6 13. b3 d5 14. cxd5
1/2-1/2

[Event "12sen.WM-H Naumburg"]
[Site "Naumburg/Saale(20.10.-03.11.)"]
[Date "2002.10.21"]
[Round "1"]
[White "Heinemann, Klaus_Detlef"]
[Black "Klempt, Guenter"]
[Result "0-1"]
[WhiteElo "1458"]
[BlackElo "2069"]
[PlyCount "68"]
[EventDate "2002.11.??"]

1. Nf3 d5 2. e3 c5 3. b3 Bg4 4. Be2 e6 5. Bb2 Nf6 6. d4 Nc6 7. O-O Bd6 8. dxc5
Bxc5 9. h3 Bxf3 10. Bxf3 O-O 11. c3 Rc8 12. Nd2 Qe7 13. b4 Bd6 14. Qe2 Ne5 15.
e4 Nxf3+ 16. gxf3 Nh5 17. f4 Nxf4 18. Qg4 dxe4 19. c4 f5 20. Qxg7+ Qxg7+ 21.
Bxg7 Kxg7 22. c5 Be5 23. Rab1 Nxh3+ 24. Kh1 Rf6 25. Nc4 Bb8 26. Rb3 Rh6 27.
Rxh3 Rxh3+ 28. Kg2 Rh6 29. Rg1 Rg6+ 30. Kf1 Rxg1+ 31. Kxg1 Kf6 32. a4 Rg8+ 33.
Kh1 Rd8 34. Kg2 Rd4 0-1

[Event "12sen.WM-H Naumburg"]
[Site "Naumburg/Saale(20.10.-03.11.)"]
[Date "2002.10.21"]
[Round "1"]
[White "Hesselbarth, Karlheinz"]
[Black "Gaspariants, Garry"]
[Result "0-1"]
[WhiteElo "1788"]
[BlackElo "2240"]
[PlyCount "80"]
[EventDate "2002.11.??"]

1. d4 Nf6 2. Nf3 e6 3. e3 c5 4. Bd3 Nc6 5. O-O d5 6. c3 Be7 7. Nbd2 O-O 8. dxc5
Bxc5 9. e4 Qc7 10. Qe2 Ne5 11. Nxe5 Qxe5 12. Kh1 dxe4 13. Nxe4 Nxe4 14. Qxe4
Qxe4 15. Bxe4 f5 16. Bc2 e5 17. b4 Bb6 18. Be3 Be6 19. Bb3 Bxb3 20. axb3 Rad8
21. Rfd1 Kf7 22. c4 Bxe3 23. fxe3 a6 24. Kg1 Ke7 25. Kf2 Rxd1 26. Rxd1 Rd8 27.
Rxd8 Kxd8 28. Kf3 Ke7 29. g3 Kf6 30. h3 e4+ 31. Kf2 g5 32. Ke2 Ke5 33. Kf2 h5
34. Ke2 h4 35. g4 fxg4 36. hxg4 Kd6 37. Kf2 b6 38. Ke2 Kc6 39. Kf2 a5 40. bxa5
bxa5 0-1

[Event "12sen.WM-H Naumburg"]
[Site "Naumburg/Saale(20.10.-03.11.)"]
[Date "2002.10.21"]
[Round "1"]
[White "Heyse, Juergen"]
[Black "Titz, Herbert"]
[Result "0-1"]
[WhiteElo "1560"]
[BlackElo "2089"]
[PlyCount "114"]
[EventDate "2002.11.??"]

1. d4 Nf6 2. Nf3 g6 3. e3 Bg7 4. Be2 d5 5. O-O O-O 6. b4 Nbd7 7. Bb2 Ne4 8.
Nbd2 Ndf6 9. a4 c6 10. a5 Re8 11. c4 Bg4 12. c5 a6 13. h3 Nxd2 14. Nxd2 Bxe2
15. Qxe2 Qd7 16. Qf3 Qf5 17. Rac1 Rad8 18. Qxf5 gxf5 19. Nf3 Ne4 20. Rc2 Bh6
21. Bc1 e6 22. Nd2 Nf6 23. f4 Kf8 24. Kf2 Ke7 25. Rg1 Rg8 26. Nf3 Ne4+ 27. Ke2
Rg3 28. Kd3 Rdg8 29. Re2 Nf6 30. Ne5 Bxf4 31. Bd2 Bh6 32. Kc2 Rxh3 33. Rf1 Rhg3
34. Rh1 Bf8 35. Rh2 Ng4 36. Nxg4 R3xg4 37. Be1 h6 38. Bh4+ f6 39. Be1 e5 40.
Bc3 Ke6 41. Kd3 Re4 42. Rf2 Rgg4 43. Rh5 Rg5 44. Rh3 Reg4 45. Rh2 Bg7 46. Bd2
Rg3 47. Kc2 R5g4 48. Rh5 Rxg2 49. Rxg2 Rxg2 50. Kd3 Rg5 51. Rh2 Kf7 52. Bc3 Kg6
53. Ke2 Rg4 54. Kf2 h5 55. Ke2 f4 56. exf4 Rxf4 57. Rg2+ Rg4 0-1

[Event "12sen.WM-H Naumburg"]
[Site "Naumburg/Saale(20.10.-03.11.)"]
[Date "2002.10.21"]
[Round "1"]
[White "Hoeschele, Hans_Ulrich"]
[Black "Thuma, Horst"]
[Result "1-0"]
[WhiteElo "2159"]
[BlackElo "1678"]
[PlyCount "81"]
[EventDate "2002.11.??"]

1. Nf3 c5 2. c4 Nf6 3. Nc3 Nc6 4. d3 d5 5. cxd5 Nxd5 6. g3 Bg4 7. Bg2 Nxc3 8.
bxc3 Qd7 9. Be3 e5 10. Qa4 Bh3 11. Bxh3 Qxh3 12. Nxe5 Qg2 13. Kd2 Qd5 14. Nxc6
Qxc6 15. Qxc6+ bxc6 16. Rab1 O-O-O 17. c4 Rd7 18. Rb3 Rb7 19. Rxb7 Kxb7 20.
Rb1+ Ka8 21. Bf4 Be7 22. g4 Bh4 23. Bd6 Bxf2 24. e3 Bh4 25. Bxc5 Bf6 26. Bd6
Rc8 27. d4 Bd8 28. e4 f6 29. Kd3 Bc7 30. Bc5 Bxh2 31. Rh1 Bf4 32. Rxh7 Bh6 33.
Bd6 Re8 34. c5 Kb7 35. e5 fxe5 36. dxe5 Rg8 37. Ke4 Kc8 38. Kf5 Kd8 39. g5 g6+
40. Kf6 Bf8 41. Rxa7 1-0

[Event "12sen.WM-H Naumburg"]
[Site "Naumburg/Saale(20.10.-03.11.)"]
[Date "2002.10.21"]
[Round "1"]
[White "Hohler, Peter"]
[Black "Franke, Helmut"]
[Result "1/2-1/2"]
[WhiteElo "2210"]
[BlackElo "1759"]
[PlyCount "44"]
[EventDate "2002.11.??"]

1. c4 e6 2. Nc3 d5 3. d4 c6 4. e3 f5 5. Bd3 Nf6 6. Nf3 Be7 7. O-O O-O 8. Rb1 a5
9. Bd2 Ne4 10. Be1 Nd7 11. Qc2 Ndf6 12. Ne5 Bd6 13. f3 Nxc3 14. Bxc3 Nd7 15.
Nxd7 Bxd7 16. e4 fxe4 17. fxe4 Qh4 18. e5 Bb4 19. g3 Qh6 20. Qe2 Rxf1+ 21. Rxf1
Rf8 22. Rxf8+ Kxf8 1/2-1/2

[Event "12sen.WM-H Naumburg"]
[Site "Naumburg/Saale(20.10.-03.11.)"]
[Date "2002.10.21"]
[Round "1"]
[White "Igney, Volkhard"]
[Black "Kovacs, Les"]
[Result "1-0"]
[WhiteElo "2254"]
[BlackElo "900"]
[PlyCount "81"]
[EventDate "2002.11.??"]

1. d4 d5 2. c4 dxc4 3. Nf3 Bg4 4. Ne5 Be6 5. e4 b5 6. a4 f6 7. Nf3 c6 8. axb5
cxb5 9. b3 Bd7 10. bxc4 bxc4 11. Bxc4 e6 12. Qb3 Qc8 13. O-O Nc6 14. Bf4 Nge7
15. d5 Nd8 16. Rc1 e5 17. Be3 Ng6 18. Na3 a6 19. Rab1 a5 20. Qd3 Bb4 21. Nc2
Qb7 22. Nxb4 axb4 23. Bc5 Ra4 24. Qd2 Qa8 25. Rxb4 Rxb4 26. Qxb4 Nb7 27. Bb6
Qa4 28. Qxa4 Bxa4 29. Ra1 Nd6 30. Rxa4 O-O 31. Bc5 Rd8 32. Bxd6 Rxd6 33. g3 h6
34. Bf1 Kh7 35. Bh3 Kg8 36. Bf5 Nf8 37. Ra8 Kf7 38. Nh4 Ke7 39. Ra7+ Nd7 40.
Be6 Kd8 41. Nf5 1-0

[Event "12sen.WM-H Naumburg"]
[Site "Naumburg/Saale(20.10.-03.11.)"]
[Date "2002.10.21"]
[Round "1"]
[White "Ivanets, Vladimir[39Russl]"]
[Black "Steffen, Guenter"]
[Result "1-0"]
[WhiteElo "2287"]
[BlackElo "1847"]
[PlyCount "109"]
[EventDate "2002.11.??"]

1. e4 b6 2. d4 e6 3. Nc3 Bb4 4. a3 Bxc3+ 5. bxc3 Bb7 6. Bd3 f5 7. Qe2 Nf6 8.
Bg5 h6 9. Bxf6 Qxf6 10. Nf3 fxe4 11. Bxe4 Bxe4 12. Qxe4 Nc6 13. O-O Qf5 14.
Qxf5 exf5 15. Rfe1+ Kf7 16. d5 Nb8 17. Re5 Re8 18. Rxf5+ Kg8 19. Re5 Rxe5 20.
Nxe5 d6 21. Nd3 Nd7 22. Re1 Kf7 23. c4 a5 24. Kf1 Re8 25. Rxe8 Kxe8 26. Ke2 Kf7
27. Ke3 Kf6 28. h3 g5 29. g4 a4 30. Ke4 Kg6 31. f4 Kf6 32. Ke3 Kg6 33. Kf3 Kf6
34. Kg3 Kf7 35. h4 Kf6 36. fxg5+ hxg5 37. h5 Kf7 38. Kf3 Kg7 39. Ke4 Kf6 40.
Kd4 Kg7 41. Kc3 Nf6 42. Nf2 Nd7 43. Ne4 Kh6 44. Ng3 Ne5 45. Nf5+ Kh7 46. Ne3
Kh6 47. Kb4 Nxg4 48. Nxg4+ Kxh5 49. Ne3 Kh4 50. Nf5+ Kg4 51. Nh6+ Kf4 52. Kxa4
Ke4 53. Kb5 Kd4 54. Kc6 Kxc4 55. Kxc7 1-0

[Event "12sen.WM-H Naumburg"]
[Site "Naumburg/Saale(20.10.-03.11.)"]
[Date "2002.10.21"]
[Round "1"]
[White "Jaeger, Erich[30Neust]"]
[Black "Fronczek, Heinrich"]
[Result "0-1"]
[WhiteElo "1837"]
[BlackElo "2272"]
[PlyCount "58"]
[EventDate "2002.11.??"]

1. d4 Nf6 2. c4 c5 3. d5 e5 4. Nc3 d6 5. e4 g6 6. Bg5 h6 7. Be3 Bg7 8. h3 a6 9.
Bd3 Nh5 10. Qd2 Qf6 11. Nge2 g5 12. O-O-O Nf4 13. g4 Nd7 14. Ng3 Nf8 15. Bxf4
exf4 16. Nh5 Qe5 17. Nxg7+ Qxg7 18. Na4 Nd7 19. h4 Ne5 20. Nb6 Rb8 21. hxg5
hxg5 22. Nxc8 Rxc8 23. Rxh8+ Qxh8 24. Qe2 Qh3 25. Bc2 Ke7 26. Rg1 Rh8 27. Bd1
Qd3 28. b3 Rh2 29. Qe1 Qd4 0-1

[Event "12sen.WM-H Naumburg"]
[Site "Naumburg/Saale(20.10.-03.11.)"]
[Date "2002.10.21"]
[Round "1"]
[White "Jaki, Ingo"]
[Black "De_Mol, Fer"]
[Result "1-0"]
[WhiteElo "2073"]
[BlackElo "1313"]
[PlyCount "51"]
[EventDate "2002.11.??"]

1. c4 Nf6 2. g3 g6 3. b3 d6 4. Bg2 Nc6 5. Bb2 e5 6. e3 Bf5 7. d3 Qd7 8. Nc3 Nd8
9. Nd5 Bg7 10. e4 Be6 11. Ne3 Nc6 12. Ne2 Nh5 13. O-O Bh3 14. f4 Bxg2 15. Kxg2
f5 16. fxe5 Bxe5 17. d4 Bg7 18. exf5 Nf6 19. d5 Ne7 20. Qd3 c5 21. Nf4 gxf5 22.
Ne6 Ng6 23. Nxf5 Rg8 24. Nfxg7+ Rxg7 25. Nxg7+ Qxg7 26. Bxf6 1-0

[Event "12sen.WM-H Naumburg"]
[Site "Naumburg/Saale(20.10.-03.11.)"]
[Date "2002.10.21"]
[Round "1"]
[White "Kahn, Manfred"]
[Black "Koerver, Erich"]
[Result "1-0"]
[WhiteElo "2177"]
[BlackElo "1723"]
[PlyCount "107"]
[EventDate "2002.11.??"]

1. c4 e5 2. Nc3 Nf6 3. Nf3 d6 4. d4 exd4 5. Nxd4 Be7 6. g3 Bd7 7. Bg2 c6 8. O-O
O-O 9. Qc2 Qc8 10. Rd1 Be6 11. b3 Na6 12. a3 Nc7 13. e4 Rd8 14. Bb2 d5 15. cxd5
cxd5 16. e5 Nd7 17. Qe2 Nb6 18. Rac1 Qd7 19. f4 Bc5 20. Kh1 Bg4 21. Bf3 Bxf3+
22. Qxf3 Bxd4 23. Rxd4 Ne6 24. Rdd1 Rac8 25. a4 d4 26. Nb5 Rxc1 27. Bxc1 a6 28.
Nd6 g6 29. a5 Na8 30. f5 Ng7 31. fxg6 hxg6 32. Bg5 Rb8 33. Kg1 Nf5 34. Nxf5
Qxf5 35. Qxf5 gxf5 36. Rxd4 Nc7 37. Bf6 Ne8 38. Rf4 Nxf6 39. exf6 b6 40. Rb4 b5
41. Rf4 Kh7 42. Rxf5 Kg6 43. Rc5 Ra8 44. Rc6 Ra7 45. Kf2 Kf5 46. h3 Ke5 47. g4
Kd5 48. Rc8 Ke6 49. g5 Kf5 50. h4 Kg4 51. Rh8 Rc7 52. Ke3 Rc3+ 53. Kd4 Rxb3 54.
g6 1-0

[Event "12sen.WM-H Naumburg"]
[Site "Naumburg/Saale(20.10.-03.11.)"]
[Date "2002.10.21"]
[Round "1"]
[White "Kahn, Peter"]
[Black "Rosen, Willy"]
[Result "0-1"]
[WhiteElo "1939"]
[BlackElo "2336"]
[PlyCount "132"]
[EventDate "2002.11.??"]

1. e4 c5 2. c3 Nf6 3. e5 Nd5 4. d4 cxd4 5. Nf3 Nc6 6. cxd4 d6 7. Bc4 Nb6 8. Bb5
Bd7 9. exd6 e6 10. Bf4 Nd5 11. Bd2 Bxd6 12. O-O Qb6 13. Qa4 a6 14. Bxc6 Bxc6
15. Qc2 O-O 16. Nc3 Rac8 17. Rfe1 Nxc3 18. Ng5 g6 19. Bxc3 Qc7 20. h4 Bh2+ 21.
Kh1 Qf4 22. Re4 Bxe4 23. Qxe4 Qxe4 24. Nxe4 Bb8 25. d5 f5 26. Nf6+ Rxf6 27.
Bxf6 Kf7 28. Bc3 exd5 29. Rd1 Rd8 30. Bd4 Rd7 31. Kg1 Bc7 32. Kf1 Bd8 33. g3
Bf6 34. Bxf6 Kxf6 35. Ke2 Re7+ 36. Kd3 f4 37. gxf4 Re4 38. h5 Rxf4 39. hxg6
hxg6 40. Ke3 Re4+ 41. Kd3 Ke5 42. Rg1 Kf5 43. Rh1 Re7 44. Rh8 g5 45. Rd8 Ke5
46. Rg8 Kf4 47. Rf8+ Kg4 48. Rf6 Re1 49. Kd2 Re5 50. Rb6 Kf3 51. Rf6+ Ke4 52.
f3+ Kd4 53. f4 gxf4 54. Rxf4+ Re4 55. Rf7 b6 56. Rf6 Kc5 57. Rf8 Ra4 58. a3 Rh4
59. Rf2 Kc4 60. Kc2 Rh3 61. b3+ Rxb3 62. Rf4+ d4 63. Rxd4+ Kxd4 64. Kxb3 Kd3
65. Kb4 Kc2 66. a4 a5+ 0-1

[Event "12sen.WM-H Naumburg"]
[Site "Naumburg/Saale(20.10.-03.11.)"]
[Date "2002.10.21"]
[Round "1"]
[White "Kanko, Ilkka"]
[Black "Kraft, Gerhard"]
[Result "1-0"]
[WhiteElo "2265"]
[BlackElo "1819"]
[PlyCount "57"]
[EventDate "2002.11.??"]

1. d4 Nf6 2. c4 e6 3. Nf3 d5 4. Nc3 Bb4 5. e3 c5 6. Bd3 O-O 7. O-O Re8 8. a3
cxd4 9. exd4 Bf8 10. Bg5 h6 11. Bxf6 gxf6 12. cxd5 exd5 13. Nh4 Nc6 14. Bf5 Ne7
15. Qh5 Qb6 16. Rad1 Be6 17. Rd3 Bg7 18. Rg3 Bxf5 19. Nxf5 Nxf5 20. Qxf5 Qxd4
21. Nxd5 Kh8 22. Qh5 Rf8 23. Ne7 Qe5 24. Nf5 Rg8 25. f4 Qc5+ 26. Kh1 Qc4 27.
Rg1 Qxf4 28. Rg4 Qe5 29. Rh4 1-0

[Event "12sen.WM-H Naumburg"]
[Site "Naumburg/Saale(20.10.-03.11.)"]
[Date "2002.10.21"]
[Round "1"]
[White "Karasev, Vladimir"]
[Black "Jahr, Dieter"]
[Result "1-0"]
[WhiteElo "2450"]
[BlackElo "2045"]
[PlyCount "133"]
[EventDate "2002.11.??"]

1. e4 c5 2. Nf3 d6 3. d4 cxd4 4. Nxd4 g6 5. c4 Bg7 6. Nc3 Nf6 7. Be2 Nbd7 8.
O-O O-O 9. Be3 Nc5 10. f3 Bd7 11. Qd2 b6 12. Rfd1 Ne6 13. Nc2 Bc6 14. Rac1 Rc8
15. Bh6 Qe8 16. Bxg7 Nxg7 17. Qe3 Nd7 18. f4 f5 19. Nd4 e5 20. Nxc6 Rxc6 21.
Qd2 Nf6 22. exf5 gxf5 23. Nd5 Ne4 24. Qe3 Ne6 25. fxe5 dxe5 26. Bh5 Qd8 27. Nc3
Qg5 28. Qxg5+ N4xg5 29. h4 Ne4 30. Nxe4 fxe4 31. Rd5 Rc5 32. Re1 Rxc4 33. Rxe5
Nf4 34. Bd1 Nd3 35. R5xe4 Rxe4 36. Rxe4 Nc5 37. Re7 Rd8 38. Bf3 a5 39. a3 Rd2
40. b4 axb4 41. axb4 Na6 42. b5 Nc5 43. Kh2 Rd6 44. Kh3 h6 45. Kg4 Nd7 46. Bc6
Nc5 47. Kf5 Rd2 48. Kf6 Rd6+ 49. Ke5 Rd2 50. Bd5+ Kh8 51. Kd6 Na4 52. Rc7 Rd3
53. Ke5 Nc5 54. Kd6 Ne4+ 55. Kc6 Nf6 56. Bf3 Rd4 57. Rf7 Ne4 58. Kxb6 Nd6 59.
Kc5 Nxb5 60. Kxb5 Rxh4 61. Kc5 Ra4 62. Kd6 Ra6+ 63. Ke5 h5 64. Bxh5 Ra5+ 65.
Kf6 Rxh5 66. Kg6 Kg8 67. Ra7 1-0

[Event "12sen.WM-H Naumburg"]
[Site "Naumburg/Saale(20.10.-03.11.)"]
[Date "2002.10.21"]
[Round "1"]
[White "Katalymov, Boris"]
[Black "Kuehn, Peter"]
[Result "1-0"]
[WhiteElo "2378"]
[BlackElo "2008"]
[PlyCount "97"]
[EventDate "2002.11.??"]

1. d4 f5 2. Nf3 e6 3. c4 Nf6 4. g3 Be7 5. Bg2 O-O 6. O-O d6 7. Nc3 a5 8. Re1
Ne4 9. Qc2 Nxc3 10. Qxc3 Nc6 11. e4 fxe4 12. Rxe4 e5 13. dxe5 Bf5 14. Re2 dxe5
15. Nxe5 Bb4 16. Nxc6 Qd1+ 17. Re1 Qxe1+ 18. Qxe1 Bxe1 19. Ne7+ Kh8 20. Be3 Bb4
21. Nxf5 Rxf5 22. Bxb7 Rd8 23. Bd5 Be7 24. Rb1 Rff8 25. Kg2 Rb8 26. h4 Bf6 27.
b3 g6 28. a3 Bc3 29. b4 axb4 30. axb4 Kg7 31. b5 h5 32. Rb3 Ba5 33. Bc5 Rfe8
34. Rf3 Bb6 35. Rf7+ Kh8 36. Be7 Bd4 37. Kf1 Bc3 38. Bc5 Rbc8 39. Be7 Bb2 40.
Kg2 Bd4 41. f4 Bc3 42. Kf3 Bb2 43. g4 hxg4+ 44. Kxg4 Rg8 45. Kg5 Rg7 46. Bf6
Bxf6+ 47. Rxf6 Re8 48. Rxg6 Re1 49. h5 1-0

[Event "12sen.WM-H Naumburg"]
[Site "Naumburg/Saale(20.10.-03.11.)"]
[Date "2002.10.21"]
[Round "1"]
[White "Kelchner, Hans"]
[Black "Kaiser, Hans[35BGladb]"]
[Result "1-0"]
[WhiteElo "2149"]
[BlackElo "1639"]
[PlyCount "53"]
[EventDate "2002.11.??"]

1. d4 Nf6 2. c4 e6 3. a3 b6 4. Bg5 Bb7 5. Nc3 Be7 6. Nf3 h6 7. Bxf6 Bxf6 8. e4
c5 9. e5 Be7 10. d5 exd5 11. cxd5 d6 12. Bb5+ Kf8 13. O-O a6 14. Bc4 b5 15. Ba2
Bc8 16. Re1 Bg4 17. h3 Bh5 18. Bb1 f6 19. g4 Bf7 20. e6 Be8 21. Nh4 g5 22. Nf5
h5 23. Kg2 Bg6 24. Nxe7 Bxb1 25. Nf5 Qc7 26. Rxb1 Ra7 27. Ne4 1-0

[Event "12sen.WM-H Naumburg"]
[Site "Naumburg/Saale(20.10.-03.11.)"]
[Date "2002.10.21"]
[Round "1"]
[White "Kosanski, Stanko"]
[Black "Filzmaier, Bruno"]
[Result "1-0"]
[WhiteElo "2386"]
[BlackElo "2012"]
[PlyCount "75"]
[EventDate "2002.11.??"]

1. e4 e6 2. d4 d5 3. e5 c5 4. c3 Nc6 5. Nf3 Qb6 6. a3 c4 7. b4 cxb3 8. Bb2 Na5
9. Nbd2 Bd7 10. a4 Rc8 11. Be2 Nh6 12. O-O Be7 13. Bd3 O-O 14. Qe2 Rc7 15. Rfc1
Rfc8 16. h3 g6 17. g4 Nc4 18. Nxc4 dxc4 19. Be4 Bc6 20. Nd2 Bxe4 21. Nxe4 Kg7
22. Rf1 Ng8 23. f4 f5 24. exf6+ Bxf6 25. Kh2 Qc6 26. Nc5 Kf7 27. Rae1 Re8 28.
f5 gxf5 29. gxf5 Qd6+ 30. Kh1 Qd5+ 31. Rf3 e5 32. Ne6 Rce7 33. dxe5 Bxe5 34.
Qe4 Qxe4 35. Rxe4 Rd7 36. Rxe5 Rd2 37. Ng5+ Kf8 38. Ba3+ 1-0

[Event "12sen.WM-H Naumburg"]
[Site "Naumburg/Saale(20.10.-03.11.)"]
[Date "2002.10.21"]
[Round "1"]
[White "Kraemer, Franz_Josef"]
[Black "Mosionzhik, Ilja"]
[Result "0-1"]
[WhiteElo "1801"]
[BlackElo "2253"]
[PlyCount "82"]
[EventDate "2002.11.??"]

1. e4 e5 2. Nc3 Nf6 3. f4 d5 4. fxe5 Nxe4 5. Qf3 Nxc3 6. bxc3 Be7 7. d4 O-O 8.
Bd3 c5 9. Ne2 Nc6 10. Nf4 cxd4 11. Qh5 h6 12. O-O dxc3 13. Be3 d4 14. Ng6 dxe3
15. Nxf8 Qxf8 16. Bc4 Nd8 17. Rxf7 Qxf7 18. Bxf7+ Nxf7 19. Qg6 Ng5 20. Qe8+ Bf8
21. Rf1 Ne6 22. Qf7+ Kh8 23. Qe8 Kg8 24. Qf7+ Kh7 25. Qf5+ Kh8 26. Qf7 Bc5 27.
Re1 b6 28. Qe8+ Kh7 29. Qc6 Rb8 30. Qe4+ Kg8 31. Qd5 Rb7 32. Qc6 Rc7 33. Qe8+
Kh7 34. h4 Nf4 35. g3 Nd5 36. Qd8 Be6 37. Qe8 Re7 38. Qc6 h5 39. Qa8 Bf7 40.
Qb8 Bg6 41. Re2 Nb4 0-1

[Event "12sen.WM-H Naumburg"]
[Site "Naumburg/Saale(20.10.-03.11.)"]
[Date "2002.10.21"]
[Round "1"]
[White "Kraemer, Marianne"]
[Black "Har_Zahav, Avraham"]
[Result "0-1"]
[WhiteElo "1480"]
[BlackElo "2072"]
[PlyCount "88"]
[EventDate "2002.11.??"]

1. e4 d5 2. exd5 Qxd5 3. Nc3 Qa5 4. Nf3 Bg4 5. Be2 Nf6 6. O-O Nc6 7. d3 e6 8.
Bd2 O-O-O 9. a3 Qh5 10. Ne1 Bd6 11. g3 Nd4 12. f3 Nxe2+ 13. Qxe2 Bh3 14. Rf2
Bc5 15. Be3 Bb6 16. Bxb6 axb6 17. Ng2 e5 18. Re1 Rhe8 19. g4 Qg6 20. Qe3 h5 21.
Nh4 Qh7 22. g5 Rd4 23. Ne4 Nd5 24. Qd2 Nf4 25. Re3 f6 26. c3 Rxe4 27. fxe4 fxg5
28. Nf3 Bg4 29. Nxg5 Qg6 30. h4 Qd6 31. d4 Ng6 32. Rf7 Nxh4 33. Rxg7 Qf6 34.
Qf2 Qxg7 35. Qxh4 Rg8 36. Rg3 Qxg5 37. Qxg5 Rxg5 38. d5 Rg8 39. Kf2 Rf8+ 40.
Ke3 Rf1 41. Rg2 Rf3+ 42. Kd2 Rf4 43. Ke3 h4 44. b3 h3 0-1